000 01305nam a22002177a 4500
999 _c63175
_d63175
003 Ge_BSU
005 20250618150347.0
008 250618s2023 ge ||||| |||| 00| 0 geo d
020 _a 9789941342134
041 _ageo
080 _a343.3/7 ს-54
245 _aსისხლის სამართლის კერძო ნაწილი :
_bეკონომიკური დანაშაული,დანაშაული საზოგადოებრივი უშიშროებისა და წესრიგის წინააღმდეგ; წიგნი I ნაწილი მეორე /
_c ავტორები: მზია ლეკვეიშვილი, გოჩა მამულაშვილი, ნონა თოდუა.
250 _aმერვე გამოცემა
264 _aთბილისი :
_bმერიდიანი,
_c2023.
300 _a456 გვ.;
_b21 სმ.
653 _aსისხლის სამართალი.
700 _aლეკვეიშვილი, მზია
_eავტორი
_925454
700 _a მამულაშვილი, გოჩა
_eავტორი
_925455
700 _aთოდუა, ნონა
_eავტორი
_95363
942 _2udc
_cBK